000 00704nam a2200289Ia 4500
005 20260324145040.0
008 008 260324s9999 xx 000 0 eng d
020 _a9780429310911
037 _aEBOOK
040 _aCRL
040 _beng
040 _cCRL
041 _2eng
041 _aeng
084 _qCRL
100 _aMartin Holmes
_91221562
245 4 _aThe First Thatcher Government, 1979-1983
245 0 _bContemporary Conservatism And Economic Change
260 _bTaylor and Francis
260 _c1985
365 _a
365 _b230
856 _uhttp://www.taylorfrancis.com/books/9780429310911
942 _cEBOOK
999 _c1828944
_d1828944